Most Famous People of All Time - Statistics

General Stats
  • This quiz has been taken 522 times
    494 since last reset
  • The average score is 5 of 30
Answer Stats
Hint Answer % Correct
Scientist Albert Einstein
58%
Polymath Leonardo Da Vinci
53%
Artist Michael Jackson
38%
Politician George Washington
35%
Composer Mozart
35%
Politician Abraham Lincoln
28%
Singer Elvis Presley
28%
Activist Martin Luther King
27%
Painter Michelangelo
27%
Writer William Shakespeare
27%
Scientist Isaac Newton
23%
Athlete Michael Jordan
19%
Explorer Christopher Columbus
18%
Buissiness Bill Gates
14%
Politician John F. Kennedy
14%
Composer Ludwig van Beethoven
12%
Activist Gandhi
11%
Singer Marilyn Monroe
11%
Entertainer John Lennon
9%
Politician Napoleon
9%
Politician Thomas Jefferson
9%
Scientist Thomas Edison
8%
Politician Benjamin Franklin
5%
Politician Princess Diana
5%
Actor Tom Hanks
3%
Politician Cleopatra
2%
Politician George W. Bush
2%
Scientist Neil Armstrong
2%
Artist Walt Disney
2%
Athlete Mohammad Ali
1%
No matching quizzes found
Score Distribution
Percent of People with Each Score
Percentile by Number Answered
Your Score History
You have not taken this quiz since the last reset